000
00368nam a22001577a 4500
003
MPLRDC
005
20220104145545.0
008
210129b ||||| |||| 00| 0 eng d
082
_a
910.99 WZJ
100
_a
吴志箐
245
_a
音乐家小传
_c
260
_a
_b
蜜蜂出版社
_c
1959
300
_b
平
650
_a
各国音乐家
942
_c
BK
_o
910.99 WZJ
999
_c
51386
_d
51376